000 00475nam a2200181Ia 4500
003 GCL
008 140319s9999 xx 000 0 eng d
040 _aGCL /
_cGCL
082 0 4 _a428.2
_bH G
100 1 _aHURFORD JAMES R,
245 1 0 _aGRAMMAR: A STUDENT'S GUIDE /
_cHURFORD JAMES R,
260 _a[S.N] :
_bCAMBRIBGE UNIVERSITY PRESS ،
_c1994
300 _a271\P
650 0 4 _aGRAMMAR
650 0 4 _aENGLISH LANGUAGE
650 0 4 _aHANDBOOKS MANUAL
942 _2ddc
_cBK
999 _c11267
_d11267